000 00714nam a22002177a 4500
003 UA-OsUOA
001 90819
007 ta
008 20121120b un ||||| |||| 00| 0 ukr d
100 _aМорозов Т.
090 _a330(477)
_bМ80
942 _cSA
040 _aUA-OsUOA
_bukr
_cUA-OsUOA
_dUA-OsUOA
245 _aСкладові та концептуальна модель державної політики розбудови національної технологічної інфраструктури
300 _aС.50-53
955 _a0
041 _aukr
080 _a330(477)
773 0 _w90809
_tЕкономіст
_dК.
_d2012
_g10
650 7 _a330 Економіка взагалі
_2UDC
999 _c377098
_d377098